00509 2200193 4500001002100000005001500021035002000036007000300056008004100059020001500100082000800115084001200123245005900135250001100194260004700205300003400252650001800286990001100304INLIS00000000000580920200626105938 a0010-0620000089ta200626 g 0 ind  a1842361929 a612 a612 SAT a100 Pengetahuan Tentang Tubuh Manusia /cAnne Marshall acet.12 aSingapore :bMiles Kelly Publishing,c2003 a48 hlm :b.ilus ;c21 x 29 cm 4aTUBUH MANUSIA a1922 a